000 00554nam a2200169Ia 4500
003 GCL
008 140319s9999 xx 000 0 eng d
040 _aGCL /
_cGCL
082 0 4 _a892.7
_bV
100 1 _aACCADEMIA NATIONALE DEI LINCEI
245 1 0 _aCATALOGO DEI PERIODICI E ATTI ACCADEMICI POSSEDUTI DALLA BIBLIOTECA : CON ELENCO DEGLI ENTI E BIBLIOGRAFIA /
_cACCADEMIA NATIONALE DEI LINCEI
260 _a[S.N] :
_bACCADEMIA NAZIONALE DEI LINCEI ،
_c1975
300 _a442 P
650 0 4 _aMANUSCRIPTS
650 0 4 _aBIBLIOGRAPHIES
942 _2ddc
_cBK
999 _c12492
_d12492